Countries With Space Launch Capabilities - Statistics

General Stats
  • This quiz has been taken 25 times
  • The average score is 17 of 22
Answer Stats
Space Agency Country % Correct
ASA Australia
100%
CNSA China
100%
JAXA Japan
100%
UKSA United Kingdom
100%
NASA United States
100%
CSA Canada
95%
Roscosmos Russia
95%
CNES France
90%
ISRO India
90%
ASI Italy
90%
NZSA New Zealand
90%
AEB Brazil
86%
KARI South Korea
86%
MSA Mexico
81%
POLSA Poland
81%
CONNAE Argentina
67%
ISA Israel
67%
ISA Iran
62%
KCST North Korea
57%
SUPARCO Pakistan
43%
SNSA Sweden
38%
SSAU Ukraine
29%
No matching quizzes found
Score Distribution
Percent of People with Each Score
Percentile by Number Answered
Your Score History
You have not taken this quiz